|
|
|
|
| LEADER |
00000nam2a2200000 4500 |
| 001 |
258612 |
| 005 |
20231101233319.0 |
| 020 |
|
|
|a RU
|b 83-57946
|
| 035 |
|
|
|a (RuTPU)RU\TPU\book\281500
|
| 035 |
|
|
|a RU\TPU\book\280970
|
| 090 |
|
|
|a 258612
|
| 100 |
|
|
|a 20140426g1987 k a0rusy5003 ca
|
| 101 |
0 |
|
|a rus
|
| 102 |
|
|
|a UA
|
| 105 |
|
|
|a a z 101zy
|
| 200 |
0 |
|
|a Ч. 1
|f отв. за вып. В. М. Скиданов
|
| 210 |
|
|
|d 1987
|
| 215 |
|
|
|e (ил.)
|a 272 с.
|
| 461 |
|
1 |
|0 (RuTPU)RU\TPU\book\292781
|t Проблемы преобразовательной техники
|o тезисы докладов IV Всесоюзной научно-технической конференции, Киев, сентябрь 1987 г.
|o в 6 ч.
|f Академия наук Украинской ССР (АН УССР), Институт электродинамики (ИЭД) ; под ред. А. К. Шидловского
|v Ч. 1
|d 1987-
|
| 606 |
1 |
|
|a Преобразовательная техника
|2 stltpush
|3 (RuTPU)RU\TPU\subj\51390
|9 69985
|
| 610 |
1 |
|
|a преобразователи
|
| 610 |
1 |
|
|a стабилизаторы
|
| 610 |
1 |
|
|a выпрямители
|
| 610 |
1 |
|
|a электроимпульсные установки
|
| 610 |
1 |
|
|a МДП-транзисторы
|
| 610 |
1 |
|
|a электропитание
|
| 675 |
|
|
|a 621.314(063)
|z rus
|
| 702 |
|
1 |
|a Скиданов
|b В. М.
|4 540
|
| 801 |
|
0 |
|a RU
|b 63413507
|c 19950704
|g psbo
|
| 801 |
|
1 |
|a RU
|b 63413507
|c 20140423
|
| 801 |
|
2 |
|a RU
|b 63413507
|c 20140919
|g RCR
|
| 942 |
|
|
|c BK
|